Introduction to information technology / (Record no. 149960)

MARC details
000 -LEADER
fixed length control field 00609nam a22002057a 4500
005 - DATE AND TIME OF LATEST TRANSACTION
control field 20180216103542.0
010 ## - LCCN (DPL NO)
LC control number ENG-122278
020 ## - INTERNATIONAL STANDARD BOOK NUMBER
International Standard Book Number 9789387472297
Terms of availability 395.00
035 ## - SYSTEM CONTROL NUMBER
System control number EN-105810
037 ## - SOURCE OF ACQUISITION
Source of stock number/acquisition DBAD/PUB
082 ## - DEWEY DECIMAL CLASSIFICATION NUMBER
Classification number 004
100 ## - MAIN ENTRY--PERSONAL NAME
Personal name Rajaraman, V.
245 ## - TITLE STATEMENT
Title Introduction to information technology /
Statement of responsibility, etc by V. Rajaraman
250 ## - EDITION STATEMENT
Edition statement 3rd ed.
260 ## - PUBLICATION, DISTRIBUTION, ETC. (IMPRINT)
Place of publication, distribution, etc Delhi
Name of publisher, distributor, etc PHI Learning
Date of publication, distribution, etc c2018
270 ## - ADDRESS
Address Rimjhim House, 111, Patparganj industrial estate
City Delhi
Postal code 110092
300 ## - PHYSICAL DESCRIPTION
Extent xiv, 382p.
Dimensions 24cm(pbk)
500 ## - GENERAL NOTE
General note It includes index
942 ## - ADDED ENTRY ELEMENTS (KOHA)
Source of classification or shelving scheme Dewey Decimal Classification
Item type English Books
Classification part 004
Call number suffix RAJ
Edition 3rd ed.
Holdings
Withdrawn status Lost status Not for loan Collection code Home library Current library Date acquired Source of acquisition Cost, normal purchase price Full call number Barcode Copy number Cost, replacement price Koha item type
    Not For Loan Non-fiction D.B.Act.Division Bawana 16/02/2018 DBAD/PUB 395.00 004 RAJ EN-105810 1 395.00 English Books

© Delhi Public Library
Hit Counter
free hit counter